1362 1737 1238 1109 1262 1294 1810 1752 1057 1068 1401 1943 1044 1749 1863 1716 1718 1691 1928 1364 1545 1113 1382 1570 1864 1377 1515 1206 1223 1384 1002 1311 1552 1677 1803 1670 1699 1702 1647 1520 1911 1775 1216 1986 1938 1526 1469 1660 1839 1500 1376 1990 1952 1154 1964 1109 1571 1300 1867 1228 1655 1743 1591 1143 1738 1071 1813 1188 1753 1364 1017 1591 1358 1376 1176 1027 1358 1955 1172 1380 1742 1023 1513 1320 1555 1983 1157 1161 1464 1739 1142 1471 1537 1450 1523 1619 1282 1820 1855 BCNSPRNW ULIB Ver.6.0+V

เปลี่ยนเป็นภาษาไทย

Change to English
 แสดงรายละเอียดบรรณานุกรม
  กลับหน้าหลัก

Brief Record : Get Marc (ISO 2709) : E-mail record : QR code < ปิดหน้าต่าง
LEADER : 00000nam 2200000uu 4500
001    13399123533
003     ULIB
008    121002s2555||||th 000 0 tha d
020    ^a9789746457583
020    9746457586
050 04 ^aBF637^bส719ท ล.2 2555
110 2  ^aมหาวิทยาลัยสุโขทัยธรรมาธิราช.^bสาขาวิชาศิลปศาสตร์
245 10 ^aทักษะชีวิต หน่วยที่ 8-15=^bLife skills /^cสาขาวิชาศิลปศาสตร์มหาวิทยาลัยสุโขทัยธรรมาธิราช
246 31 ^aLife skills
250    ^aพิมพ์ครั้งที่ 21
260    ^aนนทบุรี :^bมหาวิทยาลัยสุโขทัยธรรมาธิราช,^c2555
300    ^a2 เล่ม :^bภาพประกอบ, ตาราง
440  0 ^aเอกสารการสอนชุดวิชา ;^v10103
504    ^aมีบรรณานุกรมประกอบ
505 0  ^aล.2^tหน่วยที่ 8-15
650  7 ^aจิตวิทยาประยุกต์
650  7 ^aความสำเร็จ
650  7 ^aการดำเนินชีวิต
945    ^p0^l0^i21013
945    ^p0^l0^i21014
945    ^p0^l0^i21015
945    ^p0^l0^i21016
945    ^p0^l0^i21017
945    ^p0^l0^i21018
945    ^p0^l0^i21019
945    ^p0^l0^i21020
995    ทศพร
999 ^a ใช้งานได้ทุกระบบ
รายการนี้ยังไม่มีแท็ก
คุณยังไม่ได้ล็อกอิน คุณสามารถมีกิจกรรมร่วมกับเว็บไซต์ได้ แต่ต้องล็อกอินก่อน ::
  ล็อกอิน

รายการสื่อสารสนเทศ

ลำดับที่ ประเภท เลขเรียก/บาร์โค้ด สถานที่ สถานะ
1. การศึกษาทั่วไป
การศึกษาทั่วไป
สถานะ=หนังสือเก่า
BF637 ส719ท ล.2 2555 ฉ.1 
  Barcode: 21013
ห้องสมุดวิทยาเขตนครสวรรค์
►ส่วนจัดเก็บหนังสือเก่า นว.
บนชั้น
  ขอยืม
2. การศึกษาทั่วไป
การศึกษาทั่วไป
สถานะ=หนังสือเก่า
BF637 ส719ท ล.2 2555 ฉ.2 
  Barcode: 21014
ห้องสมุดวิทยาเขตนครสวรรค์
►ส่วนจัดเก็บหนังสือเก่า นว.
บนชั้น
  ขอยืม
3. การศึกษาทั่วไป
การศึกษาทั่วไป
สถานะ=หนังสือเก่า
BF637 ส719ท ล.2 2555 ฉ.3 
  Barcode: 21015
ห้องสมุดวิทยาเขตนครสวรรค์
►ส่วนจัดเก็บหนังสือเก่า นว.
บนชั้น
  ขอยืม
4. การศึกษาทั่วไป
การศึกษาทั่วไป
สถานะ=หนังสือเก่า
BF637 ส719ท ล.2 2555 ฉ.4 
  Barcode: 21016
ห้องสมุดวิทยาเขตนครสวรรค์
►ส่วนจัดเก็บหนังสือเก่า นว.
บนชั้น
  ขอยืม
5. การศึกษาทั่วไป
การศึกษาทั่วไป
สถานะ=หนังสือเก่า
BF637 ส719ท ล.2 2555 ฉ.5 
  Barcode: 21017
ห้องสมุดวิทยาเขตนครสวรรค์
►ส่วนจัดเก็บหนังสือเก่า นว.
บนชั้น
  ขอยืม
6. การศึกษาทั่วไป
การศึกษาทั่วไป
สถานะ=หนังสือเก่า
BF637 ส719ท ล.2 2555 ฉ.6 
  Barcode: 21018
ห้องสมุดวิทยาเขตนครสวรรค์
►ส่วนจัดเก็บหนังสือเก่า นว.
บนชั้น
  ขอยืม
7. การศึกษาทั่วไป
การศึกษาทั่วไป
สถานะ=หนังสือเก่า
BF637 ส719ท ล.2 2555 ฉ.7 
  Barcode: 21019
ห้องสมุดวิทยาเขตนครสวรรค์
►ส่วนจัดเก็บหนังสือเก่า นว.
บนชั้น
  ขอยืม
8. การศึกษาทั่วไป
การศึกษาทั่วไป
สถานะ=หนังสือเก่า
BF637 ส719ท ล.2 2555 ฉ.8 
  Barcode: 21020
ห้องสมุดวิทยาเขตนครสวรรค์
►ส่วนจัดเก็บหนังสือเก่า นว.
บนชั้น
  ขอยืม

รายการใกล้เคียง
    หัวเรื่อง [จิตวิทยาประยุกต์]
    หัวเรื่อง [ความสำเร็จ]
    หัวเรื่อง [การดำเนินชีวิต]

BibComment


ยังไม่เคยถูกคอมเมนท์

คอมเมนท์ทรัพยากรรายการนี้
  คอมเมนท์: ทักษะชีวิต หน่วย..


 Copyright 2026. Bcnsprnw @Library